[Event "ITA-ch Seniors 31st"]
[Site "Arvier"]
[Date "2009.05.02"]
[Round "9"]
[White "De Zaiacomo, Tonino"]
[Black "Facchini, Roberto"]
[Result "1-0"]
[WhiteElo "1787"]
[BlackElo "1600"]
[PlyCount "89"]
[EventDate "2009.04.24"]
[EventType "swiss"]
[EventRounds "9"]
[EventCountry "ITA"]
[SourceTitle "EXT 2011"]
[Source "ChessBase"]
[SourceDate "2010.11.26"]
[SourceVersion "1"]
[SourceVersionDate "2010.11.26"]
[SourceQuality "1"]

1. d4 Nf6 2. c4 e6 3. Nc3 Bb4 4. Bd2 b6 5. Nf3 Bb7 6. e3 Bxc3 7. Bxc3 0-0 8. Bd3 Be4 9. 0-0 d6 10. Qe2 Nbd7 11. Ng5 Bxd3 12. Qxd3 h6 13. Nf3 Qe7 14. b4 Rad8 15. Qc2 c5 16. e4 Rc8 17. e5 dxe5 18. dxe5 Nh7 19. b5 Rfd8 20. Rfd1 Ndf8 21. h4 Rd7 22. Rxd7 Nxd7 23. Rd1 Rc7 24. a4 Nhf8 25. a5 Nb8 26. axb6 axb6 27. Rd6 Rb7 28. Rd3 Qc7 29. Nh2 Nbd7 30. Ng4 h5 31. Nh6+ gxh6 32. Rg3+ Kh8 33. Qd2 Kh7 34. Qe2 Ng6 35. Qxh5 Qd8 36. Qf3 Ndxe5 37. Qxb7 Qxh4 38. Qb8 Ng4 39. Rf3 Qe7 40. Rg3 h5 41. Rh3 Qg5 42. f4 Qf5 43. Be1 Nxf4 44. Rf3 e5 45. Qc7 1-0